00442nam a2200157Ia 4500003000500000008004100005020001800046040001900064082000700083100001900090245008600109246003700195260003000232300000800262546001400270STCL181203s9999 xx 000 0 und d a9788126425969 aSTCLbENcSTCL 222 aPadmarajan, P. 0aപത്മരാജന്‍റെ കഥകൾ സമ്പൂർണ്ണം  aPadmarajante Kathakal Sampoornam bD C BooksaKottayamc2015 a710 aMalayalam